| 000 | 00429nam a22001457a 4500 | ||
|---|---|---|---|
| 020 | _qHB. | ||
| 040 | _cFizza Ishaq | ||
| 082 |
_a070.509 _bWIL |
||
| 100 |
_aRandolph, William Hearst Jr. _9134047 |
||
| 245 |
_aThe Hearsts Father and Son / _c Jr. Hearst, William Randolph. |
||
| 250 | _a1st Ed. | ||
| 260 |
_aNew York : _bRoberts Rinehart Publishers, _c1991. |
||
| 300 |
_a372 p, ; _c7.25 x 1.75 x 9.75 inches |
||
| 942 |
_2ddc _cBK |
||
| 999 |
_c616975 _d616975 |
||